000 02027cam a22003138a 4500
001 14036509
003 OSt
005 20210414113928.0
008 050714s2005 nyu b 001 0 eng
010 _a 2005051343
020 _a0273688014 (alk. paper)
040 _aDLC
_cDLC
042 _apcc
050 0 0 _aG155.A1B887
_b
082 0 0 _a910/.68
_222
100 _aBeech, John
245 0 4 _aThe business of tourism management. /
_cedited by John Beech and Simon Chadwick.
260 _aNew York :
_bFinancial Times/Prentice Hall,
_c2005.
263 _a0511
300 _axxvi, 577 p.:
_bill;
_c24cm.
504 _aIncludes bibliographical references and index.
505 _aContents: The Unique evolution of tourism as business -- The Structure of the tourism and travel industry -- The Role of the state in tourism -- Organisational behaviour in tourism in businesses -- Human resource management in businesses -- Marketing in tourism -- Finance and accounting for tourism -- Managing a small non-profit tourism organisation -- Analysis of the business environment and strategy in tourism -- Quality and yield management in tourism businesses -- Information technology and management information sytems in tourism -- Tourism business and the law -- Visitor attraction management -- Sports tourism -- The Economic impact of tourism -- Managing sociocultural impacts of tourism -- Managing the environmental impacts of tourism -- The Accomodation subsector -- Mass tourism businesses I: Tour operators -- Mass tourism businesses II :Travel agents -- Managing the transport subsector in tourism -- Developing mass tourism in developing nations -- The Management of heritage and cultural tourism -- Conclusion - the future of the tourism industry.
650 0 _aTourism
_xManagement.
700 1 _aBeech, John G.,
_d1947-
700 1 _aChadwick, Simon,
_d1964-
906 _a7
_bcbc
_corignew
_d1
_eocip
_f20
_gy-gencatlg
942 _2lcc
_cBK
999 _c741
_d8241